000 01146nam a2200325 i 4500
001 000012695
003 DO-SdBNP
005 20250717075657.0
007 ta
008 091116s1998 dr a r 000 f spa d
040 _aDO-SdBNP
_bspa
_cBNPHU
_erda
041 _aspa
082 4 _aRD863.44
_bP936m 1998
_222
100 _aPrestol Castillo, Freddy,
_d1914-1981
_eautor
_4aut.
_922071
245 1 3 _aEl masacre se pasa a pie /
_cFreddy Prestol Castillo.
250 _aDecimaprimera edición
264 4 _aSanto Domingo :
_bEdiciones de Taller,
_c©1998.
300 _a201 páginas :
_bilustraciones ;
_c21 cm.
336 _atexto
_btxt
_2rdacontent
337 _asin mediación
_bn
_2rdamedia
338 _avolumen
_bnc
_2rdacarrier
490 0 _aBiblioteca Taller ;
_v26
500 _aIncluye datos biográficos del autor en la páginas 5-6
590 _aInventariado, 2019/BT
650 4 _aNovela histórica dominicana.
_9860
650 4 _aLiteratura dominicana.
_967
651 4 _aRepública Dominicana
_xHistoria
_yEra de Trujillo 1930-1961
_xNovela
_921999
910 _aVMateo / Validado. Control de calidad. MMOLINA
942 _2ddc
_cLBS1
999 _c12346
_d12346